000 00895cam a22003013a 4500
001 1801
003 PGUSA
005 20140828083006.0
008 990701s1999||||xxu|||||s|||||000 | eng d
040 _aPGUSA
_beng
042 _adc
050 4 _aPR
100 1 _aShakespeare, William,
_d1564-1616
245 1 4 _aThe Tempest
_h[electronic resource] /
_cWilliam Shakespeare
260 _bProject Gutenberg,
_c1999
506 _aCopyrighted. Read the copyright notice inside this book for details.
516 _aElectronic text
653 _aTragicomedy
653 _aMagicians -- Drama
653 _aFathers and daughters -- Drama
653 _aSpirits -- Drama
653 _aPolitical refugees -- Drama
653 _aIslands -- Drama
653 _aShipwreck victims -- Drama
830 0 _aProject Gutenberg
_v1801
856 4 0 _uhttp://www.gutenberg.org/ebooks/1801
942 _cEB
999 _c231144
_d231144